000 00586nam a22002177a 4500
003 UA-OsUOA
001 74142
007 ta
008 20110328b un ||||| |||| 00| 0 ukr d
100 _aМотрич К.
090 _a32
_bМ85
942 _cSA
040 _aUA-OsUOA
_bukr
_cUA-OsUOA
_dUA-OsUOA
245 _aЩе раз про "мовну єресь" та єретиків, "молоде вино" і "старі міхи"
300 _aС.1,4
955 _a0
041 _aukr
080 _a32
773 0 _w74139
650 7 _a32 Політика
_2UDC
999 _c360430
_d360430